000 00508nam a2200217Ia 4500
003 OSt
005 20221122152346.0
008 210210b1877 xxu||||| |||| 00| 0 eng d
040 _cAL
041 _aeng
082 _a823/78
100 _aSHAKESPEARE (William)
_963219
245 _aHamlet Vol.1
260 _aLondon
_bJ B Lippincott Co.,
_c1877
440 _aI
_963220
650 _aVol.1
_963221
650 _aHamlet
_963222
690 _aEnglish Drama
_963223
906 _a013630
942 _2ddc
_cBK
999 _c132642
_d132642